[Event "Prvenstvo Vojvodine u sahu za zene"]
[Site "Zrenjanin"]
[Date "2012.07.11"]
[Round "5.6"]
[White "Litricin, Ivana"]
[Black "Gajcin, Jasmina"]
[Result "1-0"]
[WhiteElo "1507"]
[BlackElo "1825"]
[PlyCount "95"]

1. Nf3 d5 2. d4 Nf6 3. c4 c6 4. Nc3 g6 5. Bg5 Ne4 6. Bf4 Qa5 7. Qb3 Nxc3 8.
bxc3 Bg7 9. cxd5 cxd5 10. Bd2 Nc6 11. g3 O-O 12. Bg2 Qd8 13. Bf4 Na5 14. Qb4
Nc4 15. O-O f6 16. Bc1 Qd6 17. Nd2 Qxb4 18. cxb4 Nb6 19. Nb3 e5 20. Bb2 Kh8 21.
Bc3 Bf5 22. a4 Rfc8 23. Rfc1 Bd7 24. a5 Na4 25. Bd2 Rc4 26. Bxd5 Rxc1+ 27. Rxc1
Rd8 28. Bxb7 Be6 29. Nc5 Nxc5 30. bxc5 Rxd4 31. Be3 Ra4 32. a6 Bf8 33. c6 Bd6
34. c7 Bxc7 35. Rxc7 Bh3 36. Bg2 Be6 37. Rxa7 f5 38. Ra8+ Kg7 39. a7 Ra1+ 40.
Bf1 f4 41. Kg2 Bd5+ 42. f3 Bxa8 43. gxf4 Ra3 44. Bc5 Ra5 45. Bb6 Ra6 46. Bc5
exf4 47. e4 fxe3 48. Bxa6 1-0

[Event "Prvenstvo Vojvodine u sahu za zene"]
[Site "Zrenjanin"]
[Date "2012.07.12"]
[Round "6.1"]
[White "Milivojevic, Jelena"]
[Black "Petrovic, Marija"]
[Result "0-1"]
[WhiteElo "2011"]
[BlackElo "2190"]
[PlyCount "102"]

1. d4 g6 2. c4 Bg7 3. Nc3 d6 4. e4 Nd7 5. f4 e6 6. Nf3 Ne7 7. Be2 O-O 8. O-O c6
9. Be3 Nf6 10. Kh1 d5 11. e5 Ng4 12. Bg1 Nf5 13. Qd2 dxc4 14. Bxc4 h5 15. Ne4
b6 16. h3 Ngh6 17. Nfg5 Bb7 18. Rad1 Qe7 19. Kh2 Rfd8 20. b4 a5 21. bxa5 Rxa5
22. Qb2 b5 23. Bb3 h4 24. Qd2 b4 25. Qe1 Rda8 26. Nc5 Ng3 27. Rf2 Nhf5 28. Rfd2
Ba6 29. Nxa6 R5xa6 30. Bf2 Rd8 31. Ne4 Nh5 32. Be3 Bh6 33. Rf2 Ra7 34. d5 cxd5
35. Nf6+ Nxf6 36. exf6 Qc7 37. Bxa7 Qxa7 38. Rd3 Qc5 39. Rf1 Qd6 40. Qe5 Ng3
41. Rff3 Nf5 42. Rf2 Rc8 43. Qxd6 Nxd6 44. g4 hxg3+ 45. Kxg3 Ne4+ 46. Kf3 Nxf2
47. Kxf2 Bxf4 48. Rd4 Bd6 49. Ke2 Rc3 50. h4 Rh3 51. Kd2 Be5 0-1

[Event "Prvenstvo Vojvodine u sahu za zene"]
[Site "Zrenjanin"]
[Date "2012.07.12"]
[Round "6.2"]
[White "Tomin, Ksenija"]
[Black "Petrovic, Danijela"]
[Result "0-1"]
[WhiteElo "1954"]
[BlackElo "1916"]
[PlyCount "164"]

1. e4 e5 2. Nf3 Nc6 3. Bc4 Nf6 4. d3 Be7 5. c3 O-O 6. Bb3 d6 7. O-O Bg4 8. h3
Bh5 9. Re1 Nd7 10. Nbd2 Nc5 11. Bc2 Re8 12. Nf1 Bf8 13. Ng3 Bxf3 14. Qxf3 g6
15. Be3 Ne6 16. Rad1 Bg7 17. Ba4 a6 18. Ne2 b5 19. Bb3 Na5 20. Bc2 Qe7 21. b4
Nb7 22. Bb3 c6 23. d4 Nbd8 24. d5 cxd5 25. Rxd5 Bf8 26. Red1 Qc7 27. Qg3 Ng7
28. f3 Kh8 29. Qf2 f5 30. exf5 Nxf5 31. Bg5 Nf7 32. Bf6+ Bg7 33. Bxg7+ Kxg7 34.
g4 Ne7 35. R5d3 Rad8 36. f4 Rf8 37. f5 Ng5 38. h4 Ne4 39. Qg2 Qb6+ 40. Kf1 Nf6
41. Ke1 Kh8 42. g5 Nh5 43. f6 Nf5 44. Qe4 Rde8 45. Bd5 Nf4 46. R3d2 Nxh4 47.
Qh1 Nxd5 48. Rxd5 Nf5 49. Qe4 Qe3 50. Qg4 Rc8 51. R1d3 Qb6 52. Qe4 a5 53. Kd2
Rc4 54. Qh1 axb4 55. Rh3 Qa7 56. Rxb5 Rf7 57. Qd5 bxc3+ 58. Ke1 Rc8 59. Ra5 Qd7
60. Rxc3 Rcf8 61. Ra8 Nd4 62. Rxf8+ Rxf8 63. Nxd4 exd4 64. Qxd4 Rf7 65. Qe4 d5
66. Qe5 h5 67. gxh6 Kh7 68. Rg3 Qc6 69. Rf3 Qc1+ 70. Kf2 Qxh6 71. Qe8 Qh2+ 72.
Ke3 Qg1+ 73. Kf4 Rxf6+ 74. Ke5 Qe1+ 75. Kxf6 Qxe8 76. Rh3+ Kg8 77. Rb3 Qc6+ 78.
Ke5 Kg7 79. Kd4 g5 80. Re3 Kg6 81. Re5 Qc4+ 82. Ke3 Qc3+ 0-1

[Event "Prvenstvo Vojvodine u sahu za zene"]
[Site "Zrenjanin"]
[Date "2012.07.12"]
[Round "6.3"]
[White "Bjeloglav, Milica"]
[Black "Stojadinov, Svetlana"]
[Result "1-0"]
[WhiteElo "1976"]
[BlackElo "1859"]
[PlyCount "53"]

1. e4 e5 2. Nf3 Nf6 3. Nxe5 d6 4. Nf3 Nxe4 5. Nc3 Nf6 6. d4 Bg4 7. h3 Bh5 8. g4
Bg6 9. Bd3 Bxd3 10. Qxd3 Qd7 11. Bd2 Nc6 12. O-O-O O-O-O 13. a3 h6 14. Rhe1 g5
15. d5 Ne7 16. Qd4 Bg7 17. Qxa7 c6 18. dxc6 Nxc6 19. Qa8+ Nb8 20. Na4 Qb5 21.
Nd4 Qa6 22. Qxa6 Nxa6 23. Nf5 Ne8 24. Rxe8 Bxb2+ 25. Kxb2 Rhxe8 26. Ba5 Nc7 27.
Nxd6+ 1-0

[Event "Prvenstvo Vojvodine u sahu za zene"]
[Site "Zrenjanin"]
[Date "2012.07.12"]
[Round "6.4"]
[White "Litricin, Ivana"]
[Black "Milivojevic, Jasmina"]
[Result "0-1"]
[WhiteElo "1507"]
[BlackElo "1813"]
[PlyCount "50"]

1. Nf3 d5 2. d4 e6 3. c4 Nf6 4. Bf4 Be7 5. Nc3 c6 6. a4 b6 7. cxd5 exd5 8. e3
O-O 9. h3 Re8 10. Bd3 Bb7 11. O-O Nbd7 12. Rc1 Rc8 13. Qe2 Nf8 14. Bf5 Ne6 15.
Bh2 g6 16. Bd3 Bf8 17. Na2 c5 18. dxc5 bxc5 19. Bb5 Re7 20. Rfd1 Qb6 21. b3 a6
22. Qb2 Bg7 23. Be5 Nc7 24. Bxf6 Bxf6 25. Qxf6 Qxf6 0-1

[Event "Prvenstvo Vojvodine u sahu za zene"]
[Site "Zrenjanin"]
[Date "2012.07.12"]
[Round "6.5"]
[White "Djuric, Olgica"]
[Black "Lalic, Danka"]
[Result "1/2-1/2"]
[WhiteElo "1890"]
[BlackElo "1688"]
[PlyCount "116"]

1. d4 d5 2. c4 e6 3. Nc3 Nf6 4. Bg5 Nbd7 5. e3 c6 6. Nf3 Qa5 7. Nd2 Bb4 8. Qc2
O-O 9. Bf4 Re8 10. Nb3 Qd8 11. a3 Bxc3+ 12. Qxc3 Ne4 13. Qc2 e5 14. Bg3 exd4
15. Nxd4 Qf6 16. cxd5 Nxg3 17. hxg3 Nf8 18. O-O-O cxd5 19. Kb1 Bd7 20. Bd3 h6
21. Ka1 Rac8 22. Qd2 Rc7 23. Qa5 Qd6 24. Bb5 Rec8 25. Bxd7 Qxd7 26. Qxa7 Qd8
27. Qa4 Rc4 28. Qb3 Qc7 29. Nb5 Qd7 30. Nd4 Qc7 31. Qd3 Rd8 32. Qd2 Qb6 33. Rc1
Ra4 34. Nc2 Ne6 35. Nb4 Ra5 36. Rc2 Qb5 37. Rhc1 Kh7 38. Qe2 Qxb4 39. Kb1 Rxa3
40. Rc3 Rxc3 41. Rxc3 Qe4+ 42. Kc1 Ra8 43. Qc2 Qxc2+ 44. Rxc2 Ra1+ 45. Kd2 Rg1
46. Ke2 Rxg2 47. Rc1 Rh2 48. b3 Ng5 49. Rc7 b6 50. Rb7 f6 51. Rxb6 Rg2 52. Kf1
Rh2 53. Kg1 Nf3+ 54. Kf1 d4 55. exd4 Nxd4 56. Kg1 Rh5 57. Rb4 Rb5 58. Rxd4 Rxb3
1/2-1/2

[Event "Prvenstvo Vojvodine u sahu za zene"]
[Site "Zrenjanin"]
[Date "2012.07.12"]
[Round "7.1"]
[White "Petrovic, Marija"]
[Black "Petrovic, Danijela"]
[Result "1-0"]
[WhiteElo "2190"]
[BlackElo "1916"]
[PlyCount "79"]

1. d4 d5 2. Nf3 Nf6 3. Bf4 e6 4. e3 c5 5. c3 Nc6 6. Nbd2 a6 7. Bd3 cxd4 8. exd4
Be7 9. O-O O-O 10. h3 Re8 11. a4 Bf8 12. b4 Bd7 13. Qb3 g6 14. Ra2 Nh5 15. Bh2
Bh6 16. Re1 Rc8 17. Bf1 Bg7 18. Qb2 Ne7 19. Ne5 Nf6 20. b5 Qa5 21. Qb4 Qxb4 22.
cxb4 axb5 23. Nxd7 Nxd7 24. Bxb5 Red8 25. Nf3 Nc6 26. Rc2 Nb6 27. a5 Nc4 28.
Bxc6 bxc6 29. Ra2 Rd7 30. a6 Bf8 31. Ne5 Nxe5 32. Bxe5 Ra7 33. Ra4 Be7 34. Rc1
f6 35. Bf4 Kf7 36. Kf1 Bf8 37. b5 e5 38. b6 exf4 39. bxa7 Ra8 40. Rxc6 1-0

[Event "Prvenstvo Vojvodine u sahu za zene"]
[Site "Zrenjanin"]
[Date "2012.07.12"]
[Round "7.2"]
[White "Milivojevic, Jelena"]
[Black "Bjeloglav, Milica"]
[Result "0-1"]
[WhiteElo "2011"]
[BlackElo "1976"]
[PlyCount "136"]

1. d4 Nf6 2. c4 c5 3. d5 b5 4. Nd2 bxc4 5. e4 c3 6. bxc3 d6 7. Rb1 g6 8. Ngf3
Bg7 9. Bb5+ Bd7 10. O-O O-O 11. Qc2 e5 12. Nc4 Qc7 13. Bd2 Nh5 14. Rb2 Bg4 15.
Ng5 h6 16. Nf3 Nf4 17. Bxf4 exf4 18. Qd3 Nd7 19. Bc6 Rab8 20. Rfb1 Nb6 21. Na3
Qe7 22. Nd2 f5 23. f3 fxe4 24. fxe4 Qf6 25. Rc2 Rf7 26. Rf1 g5 27. h3 Bh5 28.
Nac4 Nxc4 29. Qxc4 Bg6 30. Qe2 h5 31. a4 Qe5 32. Rcc1 Rb2 33. Qd1 Qe7 34. Bb5
f3 35. Rxf3 Rxf3 36. gxf3 Qe5 37. Bf1 Qg3+ 38. Bg2 Be5 39. Rc2 Rxc2 40. Qxc2
Qe1+ 41. Nf1 Bxc3 42. Qa2 Bd4+ 43. Kh2 h4 44. Qd2 Qxd2 45. Nxd2 Be8 46. a5 Bc3
47. Nc4 Bb5 48. Bf1 Bxa5 49. Kg1 Bc7 50. Kf2 a5 51. e5 dxe5 52. d6 Bd8 53. Nxa5
Bxf1 54. Nc6 Bxh3 55. Nxd8 c4 56. Nc6 c3 57. Nxe5 c2 58. Nd3 Bf5 59. Nc1 Kf7
60. f4 g4 61. Ke3 Ke6 62. Kd2 Kxd6 63. Ke3 Kd5 64. Ne2 h3 65. Kf2 Ke4 66. Kg3
Ke3 67. Nc1 Kd2 68. Nb3+ Kd1 0-1

[Event "Prvenstvo Vojvodine u sahu za zene"]
[Site "Zrenjanin"]
[Date "2012.07.12"]
[Round "7.3"]
[White "Milivojevic, Jasmina"]
[Black "Tomin, Ksenija"]
[Result "1-0"]
[WhiteElo "1813"]
[BlackElo "1954"]
[PlyCount "83"]

1. d4 Nf6 2. c4 e6 3. Nf3 b6 4. e3 Bb7 5. Bd3 Be7 6. O-O d6 7. b3 Nbd7 8. Bb2
O-O 9. Nbd2 c5 10. Re1 Rc8 11. Qe2 Qc7 12. Rac1 Qb8 13. e4 cxd4 14. Nxd4 Bd8
15. f4 e5 16. Nf5 exf4 17. Nxg7 Ne5 18. Nh5 Nxh5 19. Qxh5 Rc5 20. Nf3 Bf6 21.
Ng5 Nf3+ 22. Qxf3 Bxg5 23. h4 Bxh4 24. Qg4+ Bg5 25. e5 f6 26. Qe6+ Rf7 27. exd6
Rc6 28. Bxh7+ Kg7 29. Qf5 Kh8 30. d7 Rf8 31. Re7 Qd6 32. Re8 f3 33. d8=Q Qxd8
34. Rxd8 Rxd8 35. Qxg5 Kxh7 36. Qh5+ Kg7 37. Qxf3 Ba8 38. Qf4 Kf7 39. Rf1 Rcd6
40. Rf2 R8d7 41. Qf5 Re6 42. Bxf6 1-0

[Event "Prvenstvo Vojvodine u sahu za zene"]
[Site "Zrenjanin"]
[Date "2012.07.12"]
[Round "7.4"]
[White "Lalic, Danka"]
[Black "Stanimirovic, Marija"]
[Result "1-0"]
[WhiteElo "1688"]
[BlackElo "1912"]
[PlyCount "65"]

1. e4 c5 2. d4 cxd4 3. c3 d3 4. Bxd3 Nc6 5. c4 d6 6. h3 g6 7. Nf3 Bg7 8. O-O
Nf6 9. Nc3 O-O 10. Be3 Bd7 11. Qd2 Rc8 12. Rac1 a6 13. Bh6 Re8 14. Bxg7 Kxg7
15. Be2 Na5 16. b3 b6 17. Nh2 Nb7 18. f4 Bc6 19. Nd5 Nxe4 20. Qd4+ Nf6 21. Nxb6
Rb8 22. Bf3 Bxf3 23. Nxf3 Kg8 24. Nd5 Nxd5 25. cxd5 a5 26. f5 f6 27. fxg6 hxg6
28. Qg4 Kh7 29. Nd4 Nc5 30. Qh4+ Kg8 31. Qh6 e5 32. Qxg6+ Kh8 33. Rf5 1-0

[Event "Prvenstvo Vojvodine u sahu za zene"]
[Site "Zrenjanin"]
[Date "2012.07.12"]
[Round "7.5"]
[White "Stojadinov, Svetlana"]
[Black "Litricin, Ivana"]
[Result "1-0"]
[WhiteElo "1859"]
[BlackElo "1507"]
[PlyCount "95"]

1. e4 e6 2. d4 d5 3. exd5 exd5 4. Bf4 Nf6 5. Bd3 Be6 6. h3 h6 7. Nd2 Bd6 8.
Bxd6 Qxd6 9. c3 O-O 10. Ngf3 Nbd7 11. O-O c6 12. Re1 Rfe8 13. Ne5 Qc7 14. f4
Nb6 15. a4 Bc8 16. a5 Nbd7 17. Qf3 c5 18. g4 Nxe5 19. fxe5 Nh7 20. Qxd5 cxd4
21. cxd4 Ng5 22. Qg2 Rd8 23. Rec1 Qe7 24. Nb3 Qb4 25. Bc4 Be6 26. d5 Bd7 27. h4
Nh7 28. Rc3 Rac8 29. Rac1 Nf8 30. Qe2 Re8 31. e6 fxe6 32. dxe6 Bxe6 33. Bxe6+
Rxe6 34. Qf3 Rf6 35. Qd5+ Kh7 36. Rxc8 Qxg4+ 37. Qg2 Qb4 38. R8c3 Qxh4 39. Rg3
Rf7 40. Rcc3 Ne6 41. Qc2+ Kg8 42. Rc8+ Nf8 43. Rcc3 Qf4 44. Rcf3 Qe5 45. Qf2
Qe6 46. Rxf7 Qxf7 47. Qxf7+ Kxf7 48. Rc3 1-0

[Event "Prvenstvo Vojvodine u sahu za zene"]
[Site "Zrenjanin"]
[Date "2012.07.12"]
[Round "7.6"]
[White "Gajcin, Jasmina"]
[Black "Racic, Teodora"]
[Result "1-0"]
[WhiteElo "1825"]
[BlackElo "1584"]
[PlyCount "70"]

1. e4 e5 2. Nf3 Nc6 3. Bc4 Nf6 4. d3 Be7 5. O-O d6 6. a4 O-O 7. h3 Bd7 8. a5 b6
9. a6 Na5 10. Ba2 Bc8 11. Nc3 Nc6 12. Ng5 h6 13. Nf3 Kh8 14. Bc4 Bd7 15. Nd5
Rb8 16. c3 Rc8 17. b4 Nb8 18. Be3 Nxd5 19. Bxd5 c6 20. Bc4 f5 21. exf5 Bxf5 22.
Qd2 Bxh3 23. gxh3 Rxf3 24. Be6 Rc7 25. Bg4 Rf6 26. Bxb6 axb6 27. a7 Rxa7 28.
Rxa7 Rg6 29. Kh1 Bg5 30. Qe2 Bf4 31. Qf3 Qh4 32. Ra8 Rxg4 33. Rxb8+ Kh7 34.
Qxg4 Qf6 35. Rb7 Bg5 1-0

[Event "Prvenstvo Vojvodine u sahu za zene"]
[Site "Zrenjanin"]
[Date "2012.07.13"]
[Round "8.1"]
[White "Milivojevic, Jasmina"]
[Black "Petrovic, Marija"]
[Result "1/2-1/2"]
[WhiteElo "1813"]
[BlackElo "2190"]
[PlyCount "66"]

1. e4 g6 2. d4 Bg7 3. Nf3 c6 4. Bc4 d5 5. exd5 cxd5 6. Bd3 Nc6 7. c3 Nf6 8. O-O
O-O 9. Re1 a6 10. a4 b6 11. Bg5 h6 12. Bf4 Nh5 13. Be5 Nxe5 14. Nxe5 e6 15. Qg4
Qg5 16. Qxg5 hxg5 17. g3 Bf6 18. Nd2 Rd8 19. Ndf3 Ng7 20. Ng4 Ne8 21. Nxf6+
Nxf6 22. Nxg5 Bd7 23. Nf3 b5 24. Ne5 Be8 25. axb5 axb5 26. f4 Kg7 27. Kf2 Rdb8
28. Kf3 Ng8 29. Bf1 Ra4 30. b3 Raa8 31. Nd3 Ne7 32. b4 Nc8 33. Ne5 Nb6 1/2-1/2

[Event "Prvenstvo Vojvodine u sahu za zene"]
[Site "Zrenjanin"]
[Date "2012.07.13"]
[Round "8.3"]
[White "Petrovic, Danijela"]
[Black "Milivojevic, Jelena"]
[Result "1/2-1/2"]
[WhiteElo "1916"]
[BlackElo "2011"]
[PlyCount "65"]

1. e4 c5 2. Nf3 Nc6 3. d4 cxd4 4. Nxd4 d6 5. Be2 e6 6. Nc3 Nf6 7. Bg5 Be7 8.
Be3 a6 9. O-O O-O 10. f4 Qc7 11. Qe1 Rb8 12. Qg3 b5 13. Nxc6 Qxc6 14. e5 dxe5
15. fxe5 Ne4 16. Nxe4 Qxe4 17. Ba7 Rb7 (17... Qxe2 18. Bxb8 Qxc2 19. b3 Bb7 20.
Rac1) 18. Bf3 Qxc2 19. Rac1 Qxb2 (19... Qxc1 20. Rxc1 Rxa7) 20. Bxb7 (20. Be3
Rb8 21. Bh6 Qd4+ 22. Kh1 g6 23. Bxf8 Bxf8 24. Rfd1 Qa7) 20... Bxb7 21. Rc7 Bh4
22. Qh3 Bd5 23. Bc5 (23. Rd7 Qb4 24. a3 Qc4 25. Be3) 23... Qxe5 24. Bxf8 Qxc7
25. Bxg7 Kxg7 (25... Qc5+ 26. Kh1 Qc4 27. Rg1 Kxg7 28. Qe3 Qg4 29. Qd2 Bg5) 26.
Qxh4 f5 27. Qg5+ Kf8 28. Rf2 Qg7 29. Qd8+ Kf7 30. Qc7+ Kg6 31. Qg3+ Kf7 (31...
Kf6 32. Qc3+ e5 33. Qc8 Be6) 32. Qc7+ Kg6 33. Qg3+ 1/2-1/2

[Event "Prvenstvo Vojvodine u sahu za zene"]
[Site "Zrenjanin"]
[Date "2012.07.13"]
[Round "8.4"]
[White "Lalic, Danka"]
[Black "Stojadinov, Svetlana"]
[Result "0-1"]
[WhiteElo "1688"]
[BlackElo "1859"]
[PlyCount "42"]

1. e4 e5 2. Bc4 Bc5 3. Nc3 Nc6 4. d3 d6 5. Na4 Bb6 6. Nxb6 axb6 7. Ne2 Na5 8.
Nc3 Nxc4 9. dxc4 Be6 10. b3 h6 11. Bb2 Qg5 12. g3 Nf6 13. Qd3 O-O 14. Nd5 Nxd5
15. cxd5 Bh3 16. Rg1 f5 17. exf5 Bxf5 18. Qc4 Rf7 19. Bc1 Qg6 20. c3 Bd3 21.
Qh4 Qf5 0-1

[Event "Prvenstvo Vojvodine u sahu za zene"]
[Site "Zrenjanin"]
[Date "2012.07.14"]
[Round "9.1"]
[White "Stanimirovic, Marija"]
[Black "Petrovic, Marija"]
[Result "1/2-1/2"]
[WhiteElo "1912"]
[BlackElo "2190"]
[PlyCount "20"]
[EventDate "2012.07.14"]
[EventRounds "9"]

1. c4 g6 2. Nc3 Bg7 3. Nf3 e5 4. g3 d6 5. Bg2 Nc6 6. O-O Nge7 7. d3 O-O 8. Bd2
h6 9. Rc1 f5 10. h3 Be6 1/2-1/2

[Event "Prvenstvo Vojvodine u sahu za zene"]
[Site "Zrenjanin"]
[Date "2012.07.14"]
[Round "9.2"]
[White "Gajcin, Jasmina"]
[Black "Bjeloglav, Milica"]
[Result "0-1"]
[WhiteElo "1825"]
[BlackElo "1976"]
[PlyCount "58"]
[EventDate "2012.07.14"]
[EventRounds "9"]

1. e4 c5 2. Nf3 Nc6 3. Bb5 e6 4. Bxc6 bxc6 5. b3 Rb8 6. d3 d5 7. e5 Ne7 8. O-O
Ng6 9. Qe2 Ba6 10. c4 Be7 11. Nc3 O-O 12. Re1 Qc7 13. Na4 Rfd8 14. Ba3 Qa5 15.
Rad1 Nf8 16. Nd4 Rbc8 17. Qg4 dxc4 18. dxc4 Rxd4 19. Re4 Rxd1+ 20. Qxd1 Rd8 21.
Qc2 Rd2 22. Qb1 Qd8 23. Re1 Qd4 24. Rf1 Ng6 25. Bb2 Qd3 26. Qc1 Nf4 27. Kh1 Qe4
28. f3 Qe2 29. Rg1 Nd3 0-1

[Event "Prvenstvo Vojvodine u sahu za zene"]
[Site "Zrenjanin"]
[Date "2012.07.14"]
[Round "9.4"]
[White "Milivojevic, Jelena"]
[Black "Milivojevic, Jasmina"]
[Result "0-1"]
[WhiteElo "2011"]
[BlackElo "1813"]
[PlyCount "114"]
[EventDate "2012.07.14"]
[EventRounds "9"]

1. d4 d5 2. c4 e6 3. Nc3 Be7 4. Bf4 Nf6 5. e3 c6 6. h3 Nbd7 7. Rc1 b6 8. Nf3
Bb7 9. Bh2 Rc8 10. Be2 O-O 11. O-O a6 12. a3 c5 13. cxd5 exd5 14. Ne5 Re8 15.
Nxd7 Qxd7 16. Bf3 cxd4 17. exd4 Bd6 18. Bxd6 Qxd6 19. Qd3 b5 20. Ne2 Rxc1 21.
Rxc1 Rc8 22. Rxc8+ Bxc8 23. Nc1 Be6 24. Nb3 Nd7 25. g4 g5 26. Kg2 Kg7 27. Nc1
Nb6 28. b4 Nd7 29. Ne2 Nb6 30. Ng1 Bc8 31. Bd1 Bd7 32. Nf3 h6 33. Nd2 Be6 34.
Bb3 Nd7 35. Nf3 Nb8 36. Qc3 Nc6 37. Qd3 Qb8 38. Qc3 Qb7 39. Bc2 Ne7 40. Qd3 Ng6
41. Qe3 Ne7 42. Qc3 Qc6 43. Qxc6 Nxc6 44. a4 Nxb4 45. Bb3 Nd3 46. Ne5 Nf4+ 47.
Kg3 Ne2+ 48. Kg2 Nxd4 49. Bd1 Kf6 50. Nd3 Bd7 51. f4 bxa4 52. fxg5+ hxg5 53.
Nc5 Bb5 54. Kg3 a3 55. Nb3 a2 56. Na1 Ke5 57. Kf2 Kf4 0-1